Law of Human Nature (Record no. 11230)

MARC details
000 -LEADER
fixed length control field 00336nam a22001457a 4500
003 - CONTROL NUMBER IDENTIFIER
control field OSt
008 - FIXED-LENGTH DATA ELEMENTS--GENERAL INFORMATION
fixed length control field 220521b ||||| |||| 00| 0 eng d
020 ## - INTERNATIONAL STANDARD BOOK NUMBER
International Standard Book Number 97-1-7812-5919-1
082 ## - DEWEY DECIMAL CLASSIFICATION NUMBER
Classification number 150 GRL
100 ## - MAIN ENTRY--PERSONAL NAME
Personal name GREENE,Robert
245 ## - TITLE STATEMENT
Title Law of Human Nature
260 ## - PUBLICATION, DISTRIBUTION, ETC. (IMPRINT)
Place of publication, distribution, etc London
Name of publisher, distributor, etc P Profile book
Date of publication, distribution, etc 2018
300 ## - PHYSICAL DESCRIPTION
Extent 609
942 ## - ADDED ENTRY ELEMENTS (KOHA)
Source of classification or shelving scheme Dewey Decimal Classification
Koha item type Text Books
Holdings
Withdrawn status Lost status Source of classification or shelving scheme Damaged status Not for loan Collection code Home library Current library Date acquired Source of acquisition Currency Cost, normal purchase price Bill Number Total Checkouts Full call number Acc. no. / Barcode Date last seen Date last borrowed Actual Cost, discounted price Bill Date Koha item type Public note
    Dewey Decimal Classification     GENERAL PIET C-LIBRARY PIET C-LIBRARY 20/04/2022 Kumar Stationery & Book Seller Indian Rup 699.00 35234 1 150 GRL 33594 03/11/2022 17/10/2022 420.00 20/04/2022 Text Books Motivational
    Dewey Decimal Classification     GENERAL PIET C-LIBRARY PIET C-LIBRARY 08/02/2024 Zafaa Books and Distributors In rupees 799.00 ZBD0375   150 GRL 35537 24/02/2024   519.35 15/02/2024 Reference Books  
    Dewey Decimal Classification     GENERAL PIET C-LIBRARY PIET C-LIBRARY 08/02/2024 Zafaa Books and Distributors In rupees 799.00 ZBD0375 5 150 GRL 35538 19/01/2026 05/01/2026 519.35 15/02/2024 Text Books  

Design & Developed by: PIET Central Library
R70 Miles Stone Pattikalyana Samalkha Panipat 132102
mail ID :- [email protected], Phone No:- 0180-2569700 Ex.216